<?xml version="1.0" encoding="UTF-8"?>
<record
    xmlns:xsi="http://www.w3.org/2001/XMLSchema-instance"
    xsi:schemaLocation="http://www.loc.gov/MARC21/slim http://www.loc.gov/standards/marcxml/schema/MARC21slim.xsd"
    xmlns="http://www.loc.gov/MARC21/slim">

  <leader>00839nam a2200265 a 4500</leader>
  <controlfield tag="001">000045084</controlfield>
  <controlfield tag="003">DO-SdBNP</controlfield>
  <controlfield tag="005">20150520153141.0</controlfield>
  <controlfield tag="007">000045084</controlfield>
  <controlfield tag="008">150202s2005    dr a          000 0 spa d</controlfield>
  <datafield tag="040" ind1=" " ind2=" ">
    <subfield code="a">BPMET</subfield>
    <subfield code="b">spa</subfield>
    <subfield code="c">BPMET</subfield>
  </datafield>
  <datafield tag="092" ind1=" " ind2=" ">
    <subfield code="a">xxxxxx</subfield>
    <subfield code="b">xxxxxx</subfield>
  </datafield>
  <datafield tag="110" ind1=" " ind2=" ">
    <subfield code="4">Fundaci&#xF3;n para la Educaci&#xF3;n y el Arte (R&#xE9;publica Dominicana)</subfield>
  </datafield>
  <datafield tag="245" ind1="0" ind2="0">
    <subfield code="a">Colorea El Quijote.</subfield>
  </datafield>
  <datafield tag="250" ind1=" " ind2=" ">
    <subfield code="a">2a ed.</subfield>
  </datafield>
  <datafield tag="260" ind1=" " ind2=" ">
    <subfield code="a">Santo Domingo :</subfield>
    <subfield code="b">Fundaci&#xF3;n para la Educaci&#xF3;n y el Arte,</subfield>
    <subfield code="c">2005</subfield>
  </datafield>
  <datafield tag="300" ind1=" " ind2=" ">
    <subfield code="a">[10] p. :</subfield>
    <subfield code="b">il. ;</subfield>
    <subfield code="c">28 cm.</subfield>
  </datafield>
  <datafield tag="490" ind1="1" ind2=" ">
    <subfield code="a">Colorea un mundo mejor</subfield>
    <subfield code="v">1</subfield>
  </datafield>
  <datafield tag="830" ind1=" " ind2="0">
    <subfield code="a">Colorea un mundo mejor</subfield>
    <subfield code="n">1</subfield>
  </datafield>
  <datafield tag="930" ind1=" " ind2="1">
    <subfield code="l">BND01</subfield>
    <subfield code="m">LF1</subfield>
    <subfield code="8">20150202</subfield>
    <subfield code="f">01</subfield>
    <subfield code="p">HD</subfield>
    <subfield code="g">46678</subfield>
  </datafield>
  <datafield tag="942" ind1=" " ind2=" ">
    <subfield code="2">ddc</subfield>
    <subfield code="c">BK</subfield>
  </datafield>
  <datafield tag="952" ind1=" " ind2=" ">
    <subfield code="0">0</subfield>
    <subfield code="1">0</subfield>
    <subfield code="2">ddc</subfield>
    <subfield code="4">0</subfield>
    <subfield code="7">0</subfield>
    <subfield code="8">DOM</subfield>
    <subfield code="a">BPMET</subfield>
    <subfield code="b">BPMET</subfield>
    <subfield code="d">2015-03-03</subfield>
    <subfield code="l">0</subfield>
    <subfield code="p">BPMET15040247</subfield>
    <subfield code="r">2015-03-03</subfield>
    <subfield code="w">2015-03-03</subfield>
    <subfield code="y">BK</subfield>
  </datafield>
  <datafield tag="952" ind1=" " ind2=" ">
    <subfield code="0">0</subfield>
    <subfield code="1">0</subfield>
    <subfield code="2">ddc</subfield>
    <subfield code="4">0</subfield>
    <subfield code="7">0</subfield>
    <subfield code="8">DOM</subfield>
    <subfield code="a">BPMET</subfield>
    <subfield code="b">BPMET</subfield>
    <subfield code="d">2015-05-20</subfield>
    <subfield code="l">0</subfield>
    <subfield code="p">BPMET15051762</subfield>
    <subfield code="r">2015-05-20</subfield>
    <subfield code="t">ej. 2</subfield>
    <subfield code="w">2015-05-20</subfield>
    <subfield code="y">BK</subfield>
  </datafield>
  <datafield tag="952" ind1=" " ind2=" ">
    <subfield code="0">0</subfield>
    <subfield code="1">0</subfield>
    <subfield code="2">ddc</subfield>
    <subfield code="4">0</subfield>
    <subfield code="7">0</subfield>
    <subfield code="8">DOM</subfield>
    <subfield code="a">BPMET</subfield>
    <subfield code="b">BPMET</subfield>
    <subfield code="d">2015-05-20</subfield>
    <subfield code="l">0</subfield>
    <subfield code="p">BPMET15051763</subfield>
    <subfield code="r">2015-05-20</subfield>
    <subfield code="t">ej. 3</subfield>
    <subfield code="w">2015-05-20</subfield>
    <subfield code="y">BK</subfield>
  </datafield>
  <datafield tag="956" ind1=" " ind2=" ">
    <subfield code="a">DGARCIA</subfield>
    <subfield code="b">10</subfield>
    <subfield code="c">20150202</subfield>
    <subfield code="l">BND01</subfield>
    <subfield code="h">1049</subfield>
  </datafield>
  <datafield tag="956" ind1=" " ind2=" ">
    <subfield code="a">BTAVAREZ</subfield>
    <subfield code="b">10</subfield>
    <subfield code="c">20150202</subfield>
    <subfield code="l">BND01</subfield>
    <subfield code="h">1550</subfield>
  </datafield>
  <datafield tag="956" ind1=" " ind2=" ">
    <subfield code="a">VMATEO</subfield>
    <subfield code="b">10</subfield>
    <subfield code="c">20150303</subfield>
    <subfield code="l">BND01</subfield>
    <subfield code="h">00151</subfield>
  </datafield>
  <datafield tag="999" ind1=" " ind2=" ">
    <subfield code="c">7540</subfield>
    <subfield code="d">7540</subfield>
  </datafield>
</record>
